| 000 | 00966nam0a22002531 4500 | ||
|---|---|---|---|
| 001 | RU\NLR\A1SV\151870 | ||
| 005 | 20251203171251.9 | ||
| 035 | _a(NLR Aleph) 011978284 | ||
| 090 |
_a11294889 _c11294889 |
||
| 100 | _a20190313d1925 u y0rusy50 ca | ||
| 101 | 0 | _arus | |
| 102 | _aRU | ||
| 200 | 1 |
_aФранцузское временное наставление по организации и службе связи и передачи _fПер. Я.Файвуш _gАвт. предисл. В.Цейтлин |
|
| 210 |
_aМ. _cРазведыват. упр. Штаба Рабоче-крестьян. Крас. армии _d1925 |
||
| 215 |
_a122 с., 3 л. схем. _cчерт., табл. _d22 см |
||
| 620 | _dМосква | ||
| 801 | 0 |
_aRU _bNLR _c20190313 |
|
| 830 | _aВ РГБ под загол.: Франция. Законы и постановления | ||
| 899 | _aРГБ | ||
| 899 | _aРГБ | ||
| 942 | _cBOOK | ||
| 980 | _aNB | ||
| 980 | _aA1SV | ||